000
00319nam a2200133Ia 4500
008
151001s9999||||xx |||||||||||||| ||und||
100
_a
गुरुजी साबळे
245
_a
सुपारी
250
_a
1
260
_b
मेघना
260
_c
2008
300
_a
124
365
_b
18
999
_c
993704
_d
993701